| 000 | 00720nam a2200229 a 4500 | ||
|---|---|---|---|
| 001 | 13043 | ||
| 003 | BD-JhCC | ||
| 005 | 20230614125943.0 | ||
| 008 | 230614s2022 bg |||| |||| 000 0 ben d | ||
| 020 | _a9789849574378 | ||
| 035 | _a(BD-JhCC)13043 | ||
| 040 |
_aBD-JhCC _dBD-JhCC |
||
| 041 | _aben | ||
| 082 |
_a297.6372 _bROU 2022 |
||
| 100 | _aরাউফুন, হাসান | ||
| 245 |
_aমহানবির যুদ্ধজীবন / _cহাসান রাউফুন |
||
| 260 |
_aঢাকা : _bশব্দাঙ্গন, _c২০২২ |
||
| 300 |
_a১৬৭ পৃ. : _c২১ সেমি. |
||
| 600 | _a Muhammad, Prophet | ||
| 650 |
_aWar _vReligious Aspects _xIslam |
||
| 942 |
_2ddc _cBK |
||
| 999 |
_c13043 _d13043 |
||